00398nam a2200145 a 4500008004100000020001500041050001500056100004200071245003600113260004800149300002100197350000900218650001100227650001400238100121s2000 ||||||||||||||||| || u a0521602890 aTA 354 Str aStronge, W. J. (William James), 1937-10aImpact mechanicscW. J. Stronge aCambridgebCambridge University Pressc2000 axix, 280p.: ill. a0.00 aIMPACT aMECHANICS